| 000 | 00548nam a2200193Ia 4500 | ||
|---|---|---|---|
| 003 | OSt | ||
| 005 | 20200107144752.0 | ||
| 008 | 190216s9999||||xx |||||||||||||| ||und|| | ||
| 020 | _a8183182232 | ||
| 040 | _coclc | ||
| 082 |
_a332.1 _bGOR/F |
||
| 100 |
_aGordon, E _91016 |
||
| 245 | 0 |
_aFinancial Markets And Services / _cE Gordon ; K Natarajan |
|
| 250 | _a2nd ed. | ||
| 260 |
_bHimalaya Publishing House, _a2003. _cNew Delhi: |
||
| 300 | _a421p | ||
| 650 | _aEconomics | ||
| 942 |
_cBK _2ddc _h332.1 _iGOR/F _k332.1 _mGOR/F |
||
| 999 |
_c10811 _d10811 |
||